|
|
|
|
| LEADER |
03776nam a2200841 i 4500 |
| 001 |
nkc20162797568 |
| 003 |
CZ PrNK |
| 005 |
20250523102739.0 |
| 007 |
ta |
| 008 |
160509s2016 xr f 001 0dcze |
| 015 |
|
|
|a cnb002797568
|
| 020 |
|
|
|a 978-80-7429-635-2
|q (brožováno) :
|c Kč 348,00
|
| 035 |
|
|
|a (OCoLC)953516497
|
| 040 |
|
|
|a OLA001
|b cze
|d ABA001
|e rda
|
| 041 |
1 |
|
|a cze
|h eng
|
| 043 |
|
|
|a a------
|a f------
|
| 045 |
|
|
|a x-y-
|
| 072 |
|
7 |
|a 323
|x Vnitropolitický vývoj, politický život
|2 Konspekt
|9 15
|
| 080 |
|
|
|a 28-832-184.25
|2 MRF
|
| 080 |
|
|
|a 316.75
|2 MRF
|
| 080 |
|
|
|a 323.25/.26
|2 MRF
|
| 080 |
|
|
|a 351.75:329.055
|2 MRF
|
| 080 |
|
|
|a 316.48:342.7
|2 MRF
|
| 080 |
|
|
|a 82-051
|2 MRF
|
| 080 |
|
|
|a 7.071
|2 MRF
|
| 080 |
|
|
|a 316.344.32
|2 MRF
|
| 080 |
|
|
|a 323.22-051
|2 MRF
|
| 080 |
|
|
|a (5-15)
|2 MRF
|
| 080 |
|
|
|a (6-17)
|2 MRF
|
| 080 |
|
|
|a (048.8)
|2 MRF
|
| 100 |
1 |
|
|a Bennoune, Karima
|7 xx0201932
|4 aut
|
| 240 |
1 |
0 |
|a Your fatwa does not apply here.
|l Česky
|
| 245 |
1 |
0 |
|a Tady vaše fatwa neplatí :
|b příběhy lidí z islámského světa bojujících proti fundamentalismu a násilí /
|c Karima Bennoune ; z anglického originálu Your fatwa does not apply here ... přeložili Kateřina Brabcová, Michaela Ponocná a Jindřich Manďák
|
| 250 |
|
|
|a Vydání první
|
| 264 |
|
1 |
|a Praha :
|b Vyšehrad,
|c 2016
|
| 300 |
|
|
|a 394 stran ;
|c 21 cm
|
| 336 |
|
|
|a text
|b txt
|2 rdacontent
|
| 337 |
|
|
|a bez média
|b n
|2 rdamedia
|
| 338 |
|
|
|a svazek
|b nc
|2 rdacarrier
|
| 490 |
1 |
|
|a Osudy
|
| 504 |
|
|
|a Obsahuje bibliografické odkazy a rejstřík
|
| 610 |
2 |
7 |
|a Al-Káida (organizace)
|7 kn20041202010
|2 czenas
|
| 648 |
|
7 |
|a 20.-21. století
|7 ch462155
|2 czenas
|
| 650 |
0 |
7 |
|a islámský fundamentalismus
|7 ph114805
|y 20.-21. století
|2 czenas
|
| 650 |
0 |
7 |
|a kulturní konflikt
|7 ph114451
|z islámské země
|y 20.-21. století
|2 czenas
|
| 650 |
0 |
7 |
|a hnutí odporu
|7 ph270776
|z islámské země
|y 20.-21. století
|2 czenas
|
| 650 |
0 |
7 |
|a boj proti extremismu
|7 ph736765
|z islámské země
|y 20.-21. století
|2 czenas
|
| 650 |
0 |
7 |
|a hnutí za lidská práva
|7 ph398849
|z islámské země
|y 20.-21. století
|2 czenas
|
| 650 |
0 |
7 |
|a spisovatelé
|7 ph125911
|z islámské země
|y 20.-21. století
|2 czenas
|
| 650 |
0 |
7 |
|a umělci
|7 ph116527
|z islámské země
|y 20.-21. století
|2 czenas
|
| 650 |
0 |
7 |
|a intelektuálové
|7 ph121139
|z islámské země
|y 20.-21. století
|2 czenas
|
| 650 |
0 |
7 |
|a disidenti
|7 ph119477
|z islámské země
|y 20.-21. století
|2 czenas
|
| 650 |
0 |
9 |
|a Islamic fundamentalism
|y 20th-21st centuries
|2 eczenas
|
| 650 |
0 |
9 |
|a cultural conflict
|z Islamic countries
|y 20th-21st centuries
|2 eczenas
|
| 650 |
0 |
9 |
|a resistance movements
|z Islamic countries
|y 20th-21st centuries
|2 eczenas
|
| 650 |
0 |
9 |
|a extremism control
|z Islamic countries
|y 20th-21st centuries
|2 eczenas
|
| 650 |
0 |
9 |
|a human rights movements
|z Islamic countries
|y 20th-21st centuries
|2 eczenas
|
| 650 |
0 |
9 |
|a authors
|z Islamic countries
|y 20th-21st centuries
|2 eczenas
|
| 650 |
0 |
9 |
|a artists
|z Islamic countries
|y 20th-21st centuries
|2 eczenas
|
| 650 |
0 |
9 |
|a intellectuals
|z Islamic countries
|y 20th-21st centuries
|2 eczenas
|
| 650 |
0 |
9 |
|a dissenters
|z Islamic countries
|y 20th-21st centuries
|2 eczenas
|
| 655 |
|
7 |
|a monografie
|7 fd132842
|2 czenas
|
| 655 |
|
9 |
|a monographs
|2 eczenas
|
| 700 |
1 |
|
|a Brabcová, Kateřina,
|d 1950-
|7 xx0033316
|4 trl
|
| 700 |
1 |
|
|a Ponocná, Michaela
|7 mzk2003185012
|4 trl
|
| 700 |
1 |
|
|a Manďák, Jindřich,
|d 1947-
|7 jn20001227085
|4 trl
|
| 830 |
|
0 |
|a Osudy (Vyšehrad)
|0 s
|
| 910 |
2 |
|
|a BOA001
|b 2-1368.539
|
| 990 |
|
|
|a BK
|
| 995 |
|
|
|a 01
|
| 991 |
|
|
|b 201605
|c NOV
|
| 996 |
6 |
|
|b 2610670523
|c 2-1368.539
|l MZK
|r Sklad / do 1 hodiny
|n 2
|p p.v.
|w 001561251
|u 000010
|a 1
|e BOA001
|j MZK50
|s P
|
| 996 |
7 |
|
|b 2610674166
|c 2-1368.539
|l MZK
|r Sklad / do 1 hodiny
|n 10
|p kup
|w 001561251
|u 000020
|a 1
|e BOA001
|j MZK50
|s A
|